000 00518nam a2200193 a 4500
001 1774864342149
003 YourLibrary
005 20260330152418.0
008 260330s2006##################000#0#eng##
020 _a9781591399551
082 0 4 _a351.3
_bDAL
100 1 _aDaly, Peter H.,
_eauthor.
245 1 0 _aThe First 90 Days in Government :
260 _bHarvard Business Press,
_c2006.
300 _a284 pages
650 0 _aBusiness & Economics.
942 _cENGLISH
040 _aYourLibrary
_beng
_cYourLibrary
999 _c618271
_d618271